M. Night Shyamalan movies - Statistics

General Stats
  • This quiz has been taken 754 times
    355 since last reset
  • The average score is 8 of 15
Answer Stats
Year Director Producer Writer Actor Answer % Correct
1999 The Sixth Sense
92%
2002 Signs
80%
2000 Unbreakable
76%
2016 Split
74%
2004 The Village
74%
2019 Glass
73%
2010 The Last Airbender
61%
2006 Lady in the Water
57%
2008 The Happening
57%
2015 The Visit
55%
2013 After Earth
43%
2010 Devil
24%
1999 Stuart Little
23%
1992 Praying with Anger
20%
1998 Wide Awake
16%
No matching quizzes found
Score Distribution
Percent of People with Each Score
Percentile by Number Answered
Your Score History
You have not taken this quiz since the last reset